Aangan mein ek vriksha (Record no. 7336)

MARC details
000 -LEADER
fixed length control field 00533cam a2200217ua 4500
001 - CONTROL NUMBER
control field 8226
005 - DATE AND TIME OF LATEST TRANSACTION
control field 20260515114316.0
008 - FIXED-LENGTH DATA ELEMENTS--GENERAL INFORMATION
fixed length control field 150110n ii |||gr||||Z||||||hin
020 ## - INTERNATIONAL STANDARD BOOK NUMBER
International Standard Book Number 8171197418
040 ## - CATALOGING SOURCE
Transcribing agency MAIN
041 ## - LANGUAGE CODE
Language code of text/sound track or separate title hin
082 ## - DEWEY DECIMAL CLASSIFICATION NUMBER
Classification number 891.433
100 ## - MAIN ENTRY--PERSONAL NAME
Personal name Kumar, D.,
Relator term Author.
245 1# - TITLE STATEMENT
Title Aangan mein ek vriksha
Statement of responsibility, etc. By Dushyant Kumar
250 ## - EDITION STATEMENT
Edition statement 10th.
260 ## - PUBLICATION, DISTRIBUTION, ETC.
Place of publication, distribution, etc. New Delhi:
Name of publisher, distributor, etc. Radhakrishna,
Date of publication, distribution, etc. 2005.
300 ## - PHYSICAL DESCRIPTION
Extent 106p.
653 ## - INDEX TERM--UNCONTROLLED
Uncontrolled term East Indo-European & Celtic literatures
653 ## - INDEX TERM--UNCONTROLLED
Uncontrolled term Hindi novels
942 ## - ADDED ENTRY ELEMENTS (KOHA)
Koha item type Books
Holdings
Withdrawn status Lost status Damaged status Not for loan Home library Current library Shelving location Date acquired Total checkouts Full call number Barcode Date last seen Copy number Price effective from Koha item type
        Naharkatiya College Library Naharkatiya College Library General stacks 09/19/2020   891.433 | KUM 18767 09/19/2020 1 09/19/2020 Books